<?xml version="1.0" encoding="UTF-8"?>
<record
    xmlns:xsi="http://www.w3.org/2001/XMLSchema-instance"
    xsi:schemaLocation="http://www.loc.gov/MARC21/slim http://www.loc.gov/standards/marcxml/schema/MARC21slim.xsd"
    xmlns="http://www.loc.gov/MARC21/slim">

  <leader>01302cam a2200265 a 4500</leader>
  <controlfield tag="005">20161212121817.0</controlfield>
  <controlfield tag="008">160116e201512  ck a     b   f000 0 spa  </controlfield>
  <datafield tag="040" ind1=" " ind2=" ">
    <subfield code="a">DLC</subfield>
    <subfield code="c">DLC</subfield>
    <subfield code="d">CO-BoIAVH</subfield>
  </datafield>
  <datafield tag="041" ind1="0" ind2=" ">
    <subfield code="a">spa</subfield>
  </datafield>
  <datafield tag="044" ind1=" " ind2=" ">
    <subfield code="a">ck</subfield>
  </datafield>
  <datafield tag="082" ind1="0" ind2="4">
    <subfield code="a">363.7</subfield>
    <subfield code="b">S45p</subfield>
  </datafield>
  <datafield tag="245" ind1="0" ind2="0">
    <subfield code="a">Seguimiento preventivo :</subfield>
    <subfield code="b">entidades SINA, con injerencia en el humedal Ramsar - Laguna de la Cocha /</subfield>
    <subfield code="c">Procuradur&#xED;a General de la Naci&#xF3;n Delegada para Asuntos Ambientales y Agrarios.</subfield>
  </datafield>
  <datafield tag="250" ind1=" " ind2=" ">
    <subfield code="a">Primera edici&#xF3;n</subfield>
  </datafield>
  <datafield tag="260" ind1=" " ind2=" ">
    <subfield code="a">Bogot&#xE1; (Colombia) : </subfield>
    <subfield code="b">Procuradur&#xED;a General de la Naci&#xF3;n : </subfield>
    <subfield code="b">Instituto de Estudios del Ministerio P&#xFA;blico,</subfield>
    <subfield code="c">2015.</subfield>
  </datafield>
  <datafield tag="300" ind1=" " ind2=" ">
    <subfield code="a">137 p&#xE1;ginas :</subfield>
    <subfield code="b">ilustraciones a color ;</subfield>
    <subfield code="c">24 x 16 cm.</subfield>
  </datafield>
  <datafield tag="490" ind1="0" ind2=" ">
    <subfield code="a">Informe preventivo ;</subfield>
    <subfield code="v">no. 062-2013</subfield>
  </datafield>
  <datafield tag="504" ind1=" " ind2=" ">
    <subfield code="a">Incluye referencias bibliogr&#xE1;ficas: p&#xE1;ginas 134-135.</subfield>
  </datafield>
  <datafield tag="650" ind1="2" ind2="6">
    <subfield code="a">Ordenaci&#xF3;n de aguas</subfield>
    <subfield code="z">Nari&#xF1;o (Departamento, Colombia)</subfield>
  </datafield>
  <datafield tag="650" ind1="2" ind2="6">
    <subfield code="a">Protecci&#xF3;n ambiental</subfield>
  </datafield>
  <datafield tag="650" ind1="2" ind2="6">
    <subfield code="a">Lagos</subfield>
    <subfield code="x">Aspectos ambientales</subfield>
    <subfield code="z">Nari&#xF1;o (Departamento, Colombia)</subfield>
  </datafield>
  <datafield tag="650" ind1="2" ind2="6">
    <subfield code="a">Tierras h&#xFA;medas</subfield>
    <subfield code="x">Aspectos ambientales</subfield>
    <subfield code="z">Nari&#xF1;o (Departamento, Colombia)</subfield>
  </datafield>
  <datafield tag="651" ind1=" " ind2="0">
    <subfield code="a">Nari&#xF1;o (Departamento, Colombia)</subfield>
    <subfield code="x">Condiciones ambientales.</subfield>
  </datafield>
  <datafield tag="710" ind1="1" ind2=" ">
    <subfield code="a">Colombia</subfield>
    <subfield code="b">Procuradur&#xED;a Delegada para Asuntos Ambientales y Agrarios</subfield>
  </datafield>
  <datafield tag="942" ind1=" " ind2=" ">
    <subfield code="2">ddc</subfield>
    <subfield code="c">LIBRO</subfield>
  </datafield>
  <datafield tag="999" ind1=" " ind2=" ">
    <subfield code="c">19165</subfield>
    <subfield code="d">19165</subfield>
  </datafield>
  <datafield tag="952" ind1=" " ind2=" ">
    <subfield code="0">0</subfield>
    <subfield code="1">0</subfield>
    <subfield code="2">ddc</subfield>
    <subfield code="4">0</subfield>
    <subfield code="7">0</subfield>
    <subfield code="8">GENERAL</subfield>
    <subfield code="I">INV2017</subfield>
    <subfield code="a">Bogota</subfield>
    <subfield code="b">Bogota</subfield>
    <subfield code="d">2016-12-12</subfield>
    <subfield code="e">Instituto</subfield>
    <subfield code="g">39000.00</subfield>
    <subfield code="l">0</subfield>
    <subfield code="o">LB-363.7 S45p</subfield>
    <subfield code="p">040857</subfield>
    <subfield code="r">2016-12-12 00:00:00</subfield>
    <subfield code="t">Ej. 1</subfield>
    <subfield code="w">2016-12-12</subfield>
    <subfield code="x">Canje</subfield>
    <subfield code="y">LIBRO</subfield>
  </datafield>
  <datafield tag="952" ind1=" " ind2=" ">
    <subfield code="0">0</subfield>
    <subfield code="1">0</subfield>
    <subfield code="2">ddc</subfield>
    <subfield code="4">0</subfield>
    <subfield code="7">0</subfield>
    <subfield code="8">GENERAL</subfield>
    <subfield code="I">INV2018</subfield>
    <subfield code="a">Venado</subfield>
    <subfield code="b">Venado</subfield>
    <subfield code="d">2018-07-16</subfield>
    <subfield code="e">Ursula Jaramillo</subfield>
    <subfield code="g">39000.00</subfield>
    <subfield code="l">0</subfield>
    <subfield code="o">LB-363.7 S45p</subfield>
    <subfield code="p">035499</subfield>
    <subfield code="r">2018-07-16 00:00:00</subfield>
    <subfield code="t">Ej, 2 </subfield>
    <subfield code="w">2018-07-16</subfield>
    <subfield code="x">Donacion</subfield>
    <subfield code="y">LIBRO</subfield>
  </datafield>
</record>
